书目信息 |
| 题名: |
表面分析
|
|
| 作者: | 安盛岩雄 , 染野檀 编 ;郑传谋 译 | |
| 分册: | ||
| 出版信息: | 北京 科学出版社 1980 |
|
| 页数: | 362页 | |
| 开本: | 19cm | |
| 丛书名: | ||
| 单 册: | ||
| 中图分类: | O649 | |
| 科图分类: | ||
| 主题词: | 量子化学 , 表面分析 , 物理化学 | |
| 电子资源: | ||
| ISBN: | ||
| 000 | 00745nam0 2200277 45 | |
| 001 | 0180005096 | |
| 005 | 20060805151843.98 | |
| 010 | @dCNY1.80 | |
| 091 | @a13031.1366 | |
| 100 | @a19950619d1980 em y0chiy0121 ea | |
| 101 | 1 | @achi@cjpn |
| 102 | @aCN@b110000 | |
| 105 | @ay z 000yy | |
| 200 | 10 | @a表面分析@Abiao mian fen xi@f(日)染野檀,安盛岩雄编@g郑传谋译 |
| 210 | @a北京@c科学出版社@d1980 | |
| 215 | @a362页@d19cm | |
| 606 | 0 | @a量子化学 |
| 606 | @a表面分析 | |
| 606 | 0 | @a物理化学 |
| 690 | @aO649 | |
| 701 | 0 | @a安盛岩雄@Aan sheng yan xiong@4编 |
| 701 | 0 | @a染野檀@Aran ye tan@4编 |
| 702 | 0 | @a郑传谋@Azheng chuan mou@4译 |
| 801 | 0 | @aCN@b上海图书馆@c20060805 |
| 801 | 2 | @aCN@bNLC@c20060728 |
| 905 | @f1@b41026@dO649@e4 | |
| 表面分析/(日)染野檀,安盛岩雄编/郑传谋译.-北京:科学出版社,1980 |
| 362页;19cm |
| ISBN :CNY1.80 |
| ● |
| 相关链接 |
|
|
|
|
正题名:表面分析
索取号:O649/4
 
预约/预借
| 序号 | 登录号 | 条形码 | 馆藏地/架位号 | 状态 | 备注 |
| 1 | 0041026 | 000343523 | 第三借阅区/ [索取号:O649/4] | 在馆 | |
| 2 | 0041027 | 202447744 | 第二样本阅览室/ [索取号:O649/4] | 在馆 | |
| 3 | 0433876 | 204338760 | 密集书库/ [索取号:O649/4] | 在馆 | |
| 4 | 0451604 | 204516041 | 密集书库/ [索取号:O649/4] | 在馆 | |
| 5 | 0451605 | 204516050 | 密集书库/ [索取号:O649/4] | 在馆 | |
| 6 | 0451606 | 204516069 | 密集书库/ [索取号:O649/4] | 在馆 | |
| 7 | 0451607 | 204516078 | 密集书库/ [索取号:O649/4] | 在馆 |